| 000 | 01254cam a2200325 a 4500 | ||
|---|---|---|---|
| 001 | 657108 | ||
| 003 | GBCCL | ||
| 005 | 20241126110429.0 | ||
| 008 | 940125s1993 ilu b 000 0 eng d | ||
| 010 | _a 94109218 | ||
| 020 | _a0802464475 | ||
| 035 | _a(OCoLC)29192636 | ||
| 040 |
_aTxCc _cTxCc _dKMA _dDLC |
||
| 042 | _alccopycat | ||
| 050 | 0 | 0 |
_aBV772.5 _b.D55 1993 |
| 082 | 0 | 0 |
_a254.8 _220 _bDIL |
| 100 | 1 |
_aDillon, William P. _q(William Paul) _95084 |
|
| 245 | 1 | 0 |
_aPeople raising : _ba practical guide to raising support / _cby William P. Dillon. |
| 260 |
_aChicago : _bMoody Press, _cc1993. |
||
| 300 |
_a255 p. ; _c26 cm. |
||
| 504 | _aIncludes bibliographical references (p. 249-253). | ||
| 650 | 0 |
_aChurch fund raising. _92310 |
|
| 650 | 0 |
_aMissions _xFinance. _93556 |
|
| 856 | 4 | 2 |
_3Publisher description _uhttp://www.loc.gov/catdir/enhancements/fy0609/94109218-d.html |
| 856 | 4 | 2 |
_3Contributor biographical information _uhttp://www.loc.gov/catdir/enhancements/fy1202/94109218-b.html |
| 856 | 4 | 1 |
_3Table of contents only _uhttp://www.loc.gov/catdir/enhancements/fy1202/94109218-t.html |
| 906 |
_a7 _bcbc _ccopycat _d2 _encip _f19 _gy-gencatlg |
||
| 942 |
_2ddc _cBK |
||
| 999 |
_c2453 _d2453 |
||